| 000 | 00400nam a2200145Ia 4500 | ||
|---|---|---|---|
| 008 | 190430s9999 xx 000 0 und d | ||
| 100 | _aLaxon, John | ||
| 245 | _aBuilding a future-ready workforce: from classrooms to boardrooms/ | ||
| 245 | _cJohn Laxon | ||
| 260 | _bThe Philippine Star | ||
| 260 | _c2017 | ||
| 300 | _aDecember 14, 2017 | ||
| 440 | _aThe Philippine Star | ||
| 650 | _aEducation | ||
| 999 |
_c361762 _d361762 |
||